| 000 | 00859nam a2200229 a 4500 | ||
|---|---|---|---|
| 001 | 000015027 | ||
| 005 | 20260521073716.0 | ||
| 008 | 100129s2000 dr 001 0 spa d | ||
| 020 | _a9993400483 | ||
| 040 |
_aDO-SdBNP _bspa _cBNPHU |
||
| 082 |
_a923.7 _bL389E |
||
| 100 | 1 |
_aLautaro de Hostos, Boyoán _d1885- 1960 _934007 |
|
| 245 | 1 | 0 |
_aEugenio María de Hostos : _bintimo / _cBoyoán Lautaro de Hostos ; prólogo Mu-Kien Adriana Sang. |
| 250 | _a2a. ed. | ||
| 260 |
_aSanto Domingo : _bLa Trinitaria, _c2000. _fBúho |
||
| 300 |
_a156 p. ; _c22 cm. |
||
| 500 | _aIncluye datos biográficos del autor en la solapa | ||
| 500 | _aIncluye referencias bibliográficas y notas al pie de las páginas | ||
| 600 | 1 | 4 |
_aHOSTOS, EUGENIO MARÍA, _d1839-1903 _xANÉCDOTAS _934008 |
| 700 | 1 |
_aSang, Mu-Kien A. _d1955- _q(Mu-Kien Adriana) _epról. _9331 |
|
| 049 | _aBNPD | ||
| 999 |
_c14600 _d14600 |
||